000 00489nam a2200193Ia 4500
005 20240801101059.0
008 131103s9999 xx 000 0 und d
040 _aLoreto College
041 _aEnglish
082 _a808.5
_bMAR
100 _aMarash, J.G.
245 _aEffective speaking
_b a course elocution
_cJ.G. Marash
260 _aLondon
_bGeorge
_c1954
300 _a83p.
650 _aEnglish literature
651 _aSpeech and training
850 _aLCBED
942 _cBK
999 _c29391
_d79870